[Event "Reykjavik Open 2024"]
[Site "Reykjavik ISL"]
[Date "2024.03.21"]
[Round "9.35"]
[White "Franco, Gaston"]
[Black "Moksh, Amit Doshi"]
[Result "1-0"]
[BlackTitle "IM"]
[WhiteElo "2021"]
[BlackElo "2353"]
[WhiteFideId "117722"]
[BlackFideId "25064967"]
[EventDate "2024.03.15"]

1. e4 c5 2. Nf3 e6 3. d4 cxd4 4. Nxd4 Nc6 5. Nc3 Qc7 6. Be2 a6 7. O-O Nf6 8. Kh1
Nxd4 9. Qxd4 Bc5 10. Qd3 b5 11. f4 b4 12. Na4 Ba7 13. e5 Nd5 14. Bf3 Bb7 15. c4
Ne7 16. Be3 Bxf3 17. Rxf3 Bxe3 18. Qxe3 O-O 19. Qc5 Nc6 20. Rd1 f6 21. Nb6 Rad8
22. Rfd3 Rf7 23. f5 Re8 24. exf6 Qe5 25. Nxd7 Qxc5 26. Nxc5 exf5 27. fxg7 a5 28.
Kg1 Kxg7 29. Rg3+ Kh8 30. Rd6 Ne5 31. Re3 Rfe7 32. b3 Kg8 33. Kf1 Kf7 34. h3 Kg7
35. Nd3 Nxd3 36. Rxe7+ Rxe7 37. Rxd3 Re5 38. Kf2 Kf6 39. Kf3 Kf7 40. Rd5 1-0

[Event "Reykjavik Open 2024"]
[Site "Reykjavik ISL"]
[Date "2024.03.21"]
[Round "9.36"]
[White "Thorfinnsson, Bjorn"]
[Black "Fossheim, Yngve"]
[Result "1-0"]
[WhiteTitle "IM"]
[WhiteElo "2353"]
[BlackElo "2090"]
[WhiteFideId "2300982"]
[BlackFideId "1512277"]
[EventDate "2024.03.15"]

1. d4 Nf6 2. Nf3 g6 3. Bg5 Bg7 4. e3 d6 5. Bd3 O-O 6. c3 Nbd7 7. Nbd2 e5 8. O-O
Qe8 9. Qc2 h6 10. Bh4 a6 11. a4 b6 12. Rfd1 Bb7 13. Bxf6 Bxf6 14. dxe5 Nxe5 15.
Nxe5 Qxe5 16. Be4 d5 17. Bf3 c5 18. Nc4 dxc4 19. Bxb7 Ra7 20. Bd5 Kg7 21. Bxc4
Qb8 22. Qe2 a5 23. Rd3 Rd8 24. Rad1 Rxd3 25. Rxd3 Re7 26. Qf3 Be5 27. g3 h5 28.
Qd5 Qb7 29. Qxb7 Rxb7 30. f4 Bb8 31. Rd8 Ba7 32. Bd5 Re7 33. e4 Kf6 34. e5+ Kg7
35. h4 f6 36. Rg8+ 1-0

[Event "Reykjavik Open 2024"]
[Site "Reykjavik ISL"]
[Date "2024.03.21"]
[Round "9.37"]
[White "Soderstrom, Adrian"]
[Black "Manucharyan, Andriy"]
[Result "1-0"]
[WhiteTitle "FM"]
[WhiteElo "2288"]
[BlackElo "2080"]
[WhiteFideId "1745786"]
[BlackFideId "16260910"]
[EventDate "2024.03.15"]

1. d4 Nf6 2. c4 e6 3. Nf3 d5 4. g3 dxc4 5. Bg2 Nc6 6. Qa4 Bb4+ 7. Bd2 Nd5 8. Qb5
Bxd2+ 9. Nbxd2 c3 10. bxc3 Nxc3 11. Qd3 Nd5 12. O-O O-O 13. Rfc1 Qe7 14. a3 Rd8
15. Nb3 Rb8 16. Ra2 Nb6 17. e4 Nxd4 18. Nfxd4 e5 19. a4 exd4 20. a5 Na8 21. Rd2
Be6 22. Nxd4 Qb4 23. Rcd1 c5 24. Nc6 Qxd2 25. Nxd8 Qxd3 26. Rxd3 c4 27. Rd4 b5
28. e5 a6 29. f4 Nc7 30. Nc6 Re8 31. Be4 g6 32. Nb4 Bf5 33. Bxf5 gxf5 34. Rd6
Ne6 35. Rxa6 Rc8 36. Rb6 c3 37. a6 Kg7 38. Nc2 Ra8 39. Kf1 Nc5 40. Rxb5 Nxa6 41.
Ra5 f6 42. exf6+ Kf7 43. Rxf5 Rd8 44. Ra5 Rd1+ 45. Ke2 Rd2+ 46. Ke3 Rxc2 47.
Rxa6 Rxh2 48. Rc6 c2 49. Ke4 Rg2 50. Kf3 Rd2 51. g4 Kg6 52. Ke3 Rg2 53. g5 Kf7
54. Ke4 Rd2 55. Rc7+ Kf8 56. Kf5 Rg2 57. Ke4 Rd2 58. Kf3 Ke8 59. f5 Kd8 60. Rc4
Ke8 61. Rc8+ Kf7 62. Rc7+ Ke8 63. g6 hxg6 64. fxg6 Rd6 65. f7+ Kd8 66. f8=Q+
Kxc7 67. Qf4 Kb7 68. Qc1 Rxg6 69. Qxc2 Rd6 70. Ke4 Rc6 71. Qg2 Kc7 72. Kd5 Rd6+
73. Kc5 Re6 74. Qg7+ Kd8 75. Qf8+ Kd7 76. Qf7+ Re7 77. Qf5+ Kc7 78. Qf6 Kd7 79.
Kd5 Ke8 80. Qf5 Rf7 81. Qc8+ Ke7 82. Ke5 Rg7 83. Qc7+ Kf8 84. Qd8+ Kf7 85. Kf5
Rg1 86. Qd5+ Ke8 87. Qa8+ 1-0

[Event "Reykjavik Open 2024"]
[Site "Reykjavik ISL"]
[Date "2024.03.21"]
[Round "9.38"]
[White "Botez, Alexandra"]
[Black "Stanford, Maxim Barth"]
[Result "0-1"]
[WhiteTitle "WFM"]
[BlackTitle "IM"]
[WhiteElo "1986"]
[BlackElo "2275"]
[WhiteFideId "2603365"]
[BlackFideId "408280"]
[EventDate "2024.03.15"]

1. d4 Nf6 2. c4 g6 3. Nc3 d5 4. e3 Bg7 5. Nf3 O-O 6. Bd2 c5 7. dxc5 Na6 8. cxd5
Nxc5 9. Bc4 a6 10. b4 Nce4 11. Rc1 Bg4 12. h3 Nxd2 13. Qxd2 Bxf3 14. gxf3 Rc8
15. Bb3 Qd6 16. b5 Nd7 17. Ke2 Qb4 18. Ne4 Qxb5+ 19. Qd3 Qb6 20. f4 Nc5 21. Nxc5
Rxc5 22. Rxc5 Qxc5 23. h4 Rc8 24. h5 Qb4 25. hxg6 hxg6 26. Kf3 a5 27. Qe4 Qxe4+
28. Kxe4 a4 29. Bd1 Rc3 30. Be2 Rc2 31. Kd3 Rxa2 32. Rb1 a3 33. Rxb7 Rxe2 34.
Rxe7 a2 35. Ra7 Rxf2 0-1

[Event "Reykjavik Open 2024"]
[Site "Reykjavik ISL"]
[Date "2024.03.21"]
[Round "9.39"]
[White "Sveinsson, Gudmundur Peng"]
[Black "Botez, Andrea"]
[Result "1/2-1/2"]
[WhiteElo "1620"]
[BlackElo "1825"]
[WhiteFideId "2314550"]
[BlackFideId "2614324"]
[EventDate "2024.03.15"]

1. e4 c5 2. Nf3 g6 3. d4 cxd4 4. Nxd4 Bg7 5. c4 Nc6 6. Be3 d6 7. Be2 Nf6 8. Nc3
O-O 9. O-O a5 10. h3 Bd7 11. Rc1 a4 12. Re1 a3 13. b3 Qa5 14. Bd3 Rfc8 15. Bb1
Nh5 16. Qd2 Nxd4 17. Bxd4 Bxd4 18. Qxd4 Qg5 19. Qe3 Nf4 20. Qg3 Rc5 21. Re3 Qh6
22. Nd5 Ne2+ 23. Rxe2 Qxc1+ 24. Kh2 Rxd5 25. exd5 Qxb1 26. Rxe7 Bf5 27. Qxd6 Qb2
28. Qf4 Rf8 29. g4 Bc8 30. d6 f5 31. g5 Rd8 32. c5 Qc3 33. d7 Bxd7 34. Qc7 Re8
35. Rxd7 Qb2 36. Kg2 f4 37. Rxh7 f3+ 38. Kg3 Rf8 39. Rh6 Qg7 40. Qxg7+ Kxg7 41.
Rh4 Rf5 42. Rc4 Rxg5+ 43. Kxf3 Rf5+ 44. Kg2 Rg5+ 45. Kh2 Rf5 46. Rc2 Rf4 47. Kg3
Rd4 48. f3 Kh6 49. Kg2 Kg5 50. Kg3 Rd1 51. h4+ Kh5 52. Kf4 Rd4+ 53. Ke5 Rd3 54.
Ke4 Rd1 55. Rh2 Rb1 56. Kd3 Rf1 57. Ke2 Rc1 58. Kd3 Rxc5 59. Kd4 Rc1 60. Kd3 Rf1
61. Ke4 Rb1 62. Kd3 Rb2 63. Rxb2 axb2 64. Kc2 Kxh4 65. a4 Kg3 66. b4 Kxf3 67. b5
Ke4 68. Kxb2 Kd5 69. a5 g5 70. a6 bxa6 71. bxa6 Kc6 72. Kc2 1/2-1/2

[Event "Reykjavik Open 2024"]
[Site "Reykjavik ISL"]
[Date "2024.03.21"]
[Round "9.40"]
[White "Saine, Zachary"]
[Black "Tan, Chong Hien Andrew"]
[Result "1-0"]
[WhiteElo "2010"]
[BlackElo "1762"]
[WhiteFideId "2624346"]
[BlackFideId "5807794"]
[EventDate "2024.03.15"]

1. e4 c6 2. d4 d5 3. f3 dxe4 4. fxe4 e5 5. Nf3 Bg4 6. c3 Nd7 7. Bc4 Bd6 8. Qb3
Qe7 9. Bg5 Ngf6 10. Nbd2 O-O 11. O-O h6 12. Bh4 b5 13. Bd3 a6 14. Qd1 c5 15. d5
c4 16. Bc2 g5 17. Be1 Bc5+ 18. Kh1 Bh5 19. b3 Ng4 20. bxc4 Ne3 21. Qc1 bxc4 22.
a4 Nxf1 23. Nxf1 Qf6 24. Bd1 Qf4 25. Bd2 Qxe4 26. Ng3 Qg6 27. Nxh5 g4 28. Bxh6
gxf3 29. Bxf3 e4 30. Be2 Rfe8 31. Ng3 e3 32. Bf4 Ne5 33. Bxe3 Bxe3 34. Qxe3 Nd3
35. Qf3 Re5 36. Rf1 Rae8 37. d6 Re3 38. Qd5 R3e5 39. d7 Rd8 40. Qxc4 Nc5 41. Qf4
Nxd7 42. Bc4 Rf8 43. Nf5 Kh8 44. Rf3 Re1+ 45. Bf1 Rxf1+ 46. Rxf1 Rg8 47. Qh4+
Qh7 48. Qd4+ f6 49. Rf3 Re8 50. Kg1 Ne5 51. Rf4 Ng4 52. Rxg4 Qxf5 53. Rh4+ Kg7
54. Qg4+ Qxg4 55. Rxg4+ Kf7 56. Rc4 Re5 57. Kf2 a5 58. g4 Ke6 59. Rc6+ Kf7 60.
Kf3 Kg6 61. h4 Rd5 62. g5 Kh5 63. Rxf6 Kxh4 64. Kf4 Rxg5 65. Rh6+ Rh5 66. Rxh5+
Kxh5 67. Kf5 1-0

[Event "Reykjavik Open 2024"]
[Site "Reykjavik ISL"]
[Date "2024.03.21"]
[Round "9.41"]
[White "Anishka, Vikram"]
[Black "Manish Anto, Cristiano F"]
[Result "0-1"]
[WhiteTitle "WCM"]
[BlackTitle "IM"]
[WhiteElo "1995"]
[BlackElo "2286"]
[WhiteFideId "45013314"]
[BlackFideId "25095927"]
[EventDate "2024.03.15"]

1. d4 Nf6 2. c4 e6 3. Nc3 Bb4 4. e3 d5 5. Nf3 O-O 6. Bd2 b6 7. cxd5 exd5 8. Bd3
Bb7 9. O-O a6 10. Ne5 Bd6 11. f4 c5 12. Rc1 Nc6 13. Na4 c4 14. Bb1 b5 15. Nc3
Ne7 16. Be1 Ne4 17. Bxe4 dxe4 18. Qe2 f6 19. Ng4 Qd7 20. h3 Rac8 21. a3 a5 22.
Na2 Qd8 23. Bd2 Nd5 24. Qe1 Ra8 25. Rf2 Re8 26. Nc3 Qb6 27. Ne2 Qa6 28. Ng3 b4
29. axb4 axb4 30. Nf5 Bf8 31. Rf1 Rec8 32. Qg3 Qe6 33. Nh4 Kf7 34. f5 Qd6 35.
Qxd6 Bxd6 36. Nf2 Nb6 37. g4 Ra2 38. Rb1 c3 39. Be1 c2 40. Rc1 Rxb2 41. Bd2 Nc4 0-1

[Event "Reykjavik Open 2024"]
[Site "Reykjavik ISL"]
[Date "2024.03.21"]
[Round "9.42"]
[White "Skarphedinsson, Ingvar Wu"]
[Black "Prado, Alexandra"]
[Result "1-0"]
[BlackTitle "WCM"]
[WhiteElo "2049"]
[BlackElo "1877"]
[WhiteFideId "2316943"]
[BlackFideId "3301346"]
[EventDate "2024.03.15"]

1. d4 Nf6 2. Bf4 g6 3. Nc3 d5 4. e3 Bg7 5. h4 h6 6. Nf3 Bg4 7. Be2 e6 8. Ne5
Bxe2 9. Qxe2 a6 10. Qd3 Nbd7 11. e4 c6 12. exd5 cxd5 13. O-O-O b5 14. Rh3 Nxe5
15. Bxe5 Rc8 16. h5 g5 17. f4 g4 18. Rg3 Qa5 19. f5 b4 20. Nb1 Rc6 21. Re3 Qxa2
22. Rde1 Qc4 23. Qxc4 dxc4 24. d5 Rb6 25. Bd4 Rb7 26. fxe6 fxe6 27. Bxf6 Bxf6
28. Rxe6+ Re7 29. Rxe7+ Bxe7 30. d6 Kd7 31. dxe7 Ke8 32. Nd2 Rh7 33. Nxc4 Rxe7
34. Nd6+ Kd7 35. Rxe7+ 1-0

[Event "Reykjavik Open 2024"]
[Site "Reykjavik ISL"]
[Date "2024.03.21"]
[Round "9.43"]
[White "Mohamed, Anees M"]
[Black "Jaksland, Tim"]
[Result "1/2-1/2"]
[WhiteTitle "FM"]
[BlackTitle "FM"]
[WhiteElo "2271"]
[BlackElo "2076"]
[WhiteFideId "35065815"]
[BlackFideId "1401084"]
[EventDate "2024.03.15"]

1. Nf3 d5 2. g3 Nd7 3. Bg2 e5 4. d3 Ngf6 5. O-O Bc5 6. Nc3 c6 7. e4 dxe4 8. Nxe4
Nxe4 9. dxe4 O-O 10. Qe2 a5 11. Rd1 Qe7 12. a4 Re8 13. Nd2 Nf6 14. h3 Be6 15.
Nc4 Qc7 16. Bd2 Red8 17. Bc3 Bd4 18. Bxd4 Rxd4 19. Rxd4 exd4 20. Rd1 Rd8 21. b3
h6 22. Kh2 b5 23. axb5 cxb5 24. Na3 b4 25. Nb5 Qc5 26. Nxd4 Bg4 27. hxg4 Rxd4
28. Rxd4 Qxd4 29. f4 Nd7 30. Qb5 Nf6 31. Qe2 Nd7 32. e5 Nc5 33. Qb5 Ne6 34. Qxa5
g5 35. f5 Nf8 36. Kh3 h5 37. gxh5 Qd1 38. g4 Qe1 39. Bf3 Qf1+ 40. Kg3 Qg1+ 41.
Bg2 Qe3+ 42. Kh2 Qf4+ 43. Kg1 Qe3+ 44. Kh2 Qf4+ 45. Kg1 Qe3+ 46. Kh2 1/2-1/2

[Event "Reykjavik Open 2024"]
[Site "Reykjavik ISL"]
[Date "2024.03.21"]
[Round "9.44"]
[White "Wolff, Michael"]
[Black "Roberts, Tallulah"]
[Result "1-0"]
[BlackTitle "WCM"]
[WhiteElo "1874"]
[BlackElo "1671"]
[WhiteFideId "24607657"]
[BlackFideId "15600572"]
[EventDate "2024.03.15"]

1. e4 e6 2. d4 d5 3. Nc3 Bb4 4. Ne2 dxe4 5. a3 Be7 6. Nxe4 Nf6 7. Nxf6+ Bxf6 8.
c3 b6 9. Bf4 Bb7 10. Nc1 O-O 11. Nd3 Nd7 12. Qh5 g6 13. Qh3 Bg7 14. Be2 Nf6 15.
O-O Rc8 16. Rad1 Qe8 17. Rfe1 Qa4 18. Bf3 Bxf3 19. Qxf3 Nd5 20. Be5 Rfd8 21.
Bxg7 Kxg7 22. Ne5 Rf8 23. Rd2 Qe8 24. c4 Nf6 25. h3 c6 26. Red1 b5 27. b3 a6 28.
Qc3 Ne4 29. Qe3 Nxd2 30. Rxd2 h5 31. Qe4 f6 32. Nd3 bxc4 33. bxc4 a5 34. Re2 Qe7
35. Nf4 Qf7 36. Nxe6+ Kg8 37. Nxf8 Kxf8 38. Qe6 Qxe6 39. Rxe6 Kf7 40. Rd6 Ke7
41. c5 Kf7 42. g3 g5 43. Kf1 Kg6 44. g4 hxg4 45. hxg4 Kf7 46. Ke2 Re8+ 47. Kd3
Rb8 48. Rxc6 Rb3+ 49. Ke4 Rxa3 50. Rc7+ Kg6 51. d5 Ra1 52. d6 Rd1 53. d7 a4 54.
c6 a3 55. Ra7 a2 56. Rxa2 1-0

[Event "Reykjavik Open 2024"]
[Site "Reykjavik ISL"]
[Date "2024.03.21"]
[Round "9.45"]
[White "Kazarian, Anna-Maja"]
[Black "Gudmundsson, Gunnar Erik"]
[Result "1/2-1/2"]
[WhiteTitle "FM"]
[WhiteElo "2206"]
[BlackElo "2009"]
[WhiteFideId "1033689"]
[BlackFideId "2314339"]
[EventDate "2024.03.15"]

1. d4 Nf6 2. Bg5 d5 3. e3 e6 4. Bd3 c5 5. c3 Nc6 6. f4 Be7 7. Nd2 b6 8. Ngf3 Bb7
9. O-O h6 10. Bh4 Ne4 11. Bxe7 Nxe7 12. Ne5 O-O 13. g4 g6 14. Qc2 f5 15. Nxe4
fxe4 16. Be2 Kg7 17. Qa4 Qd6 18. Ba6 Bxa6 19. Qxa6 Rfc8 20. a4 Rc7 21. a5 Rb8
22. Rf2 Nc6 23. Raf1 c4 24. axb6 Rxb6 25. Qa4 Rb8 26. f5 Nxe5 27. dxe5 Qxe5 28.
fxg6 Kxg6 29. Rf8 Rxf8 30. Rxf8 Re7 31. Re8 Qf6 32. Qc6 Qf7 33. Rxe7 Qxe7 34. h4
Qf7 35. Qd6 Qf6 36. Qd7 Qxh4 37. Qxe6+ Kg7 38. Qd7+ Kg6 39. Qe8+ Kg7 40. Qd7+
Kg6 41. Qe8+ Kg7 42. Qd7+ Kg6 43. Qe8+ 1/2-1/2

[Event "Reykjavik Open 2024"]
[Site "Reykjavik ISL"]
[Date "2024.03.21"]
[Round "9.46"]
[White "Bjarnason, Snorri Vikanes"]
[Black "Dimitrijeski, Boris"]
[Result "1/2-1/2"]
[BlackTitle "FM"]
[WhiteElo "1875"]
[BlackElo "2183"]
[WhiteFideId "1539833"]
[BlackFideId "4638689"]
[EventDate "2024.03.15"]

1. Nf3 d5 2. g3 g6 3. Bg2 Bg7 4. O-O e5 5. d3 Nc6 6. c4 dxc4 7. dxc4 e4 8. Nfd2
f5 9. Nc3 Be6 10. Qb3 Qc8 11. Ndb1 Nd4 12. Qa4+ Qd7 13. Qxd7+ Bxd7 14. Na3 O-O-O
15. Bg5 Bf6 16. Be3 Ne7 17. Rfd1 Be6 18. f3 exf3 19. exf3 c5 20. f4 Rhe8 21. Kf2
b6 22. Rd2 Nec6 23. Rad1 Nb4 24. Ncb5 a6 25. Nxd4 cxd4 26. Bxd4 Bxd4+ 27. Rxd4
Rxd4 28. Rxd4 Kc7 29. Bd5 Nxa2 30. Nc2 a5 31. Rd1 Bxd5 32. Rxd5 Nc1 33. Rd2 Nb3
34. Re2 Rxe2+ 35. Kxe2 Kd6 36. Kd3 Nc5+ 37. Kc3 Na4+ 38. Kb3 Nc5+ 39. Kc3 Ne4+
40. Kd4 Nd2 41. h3 Nb3+ 1/2-1/2

[Event "Reykjavik Open 2024"]
[Site "Reykjavik ISL"]
[Date "2024.03.21"]
[Round "9.47"]
[White "Duong, Thanh Nha"]
[Black "Skaslien, Ingrid"]
[Result "1-0"]
[WhiteTitle "IM"]
[WhiteElo "2144"]
[BlackElo "1996"]
[WhiteFideId "2601079"]
[BlackFideId "1520660"]
[EventDate "2024.03.15"]

1. Nf3 d5 2. d4 e6 3. c4 c6 4. Qc2 Nf6 5. g3 Nbd7 6. Bg2 Bb4+ 7. Nbd2 O-O 8. O-O
Re8 9. a3 Bd6 10. Rd1 Qe7 11. e3 e5 12. cxd5 cxd5 13. dxe5 Nxe5 14. Nxe5 Bxe5
15. Nf3 Bg4 16. Bd2 Ne4 17. h3 Bxf3 18. Bxf3 Bf6 19. Bxe4 dxe4 20. Rab1 Qe5 21.
h4 Rac8 22. Qb3 g5 23. hxg5 Qxg5 24. Be1 Re6 25. Qxb7 Rec6 26. Rd5 Qg6 27. Qd7
Qg7 28. Qf5 Re6 29. Rbd1 Rce8 30. b4 Qh6 31. Rd8 Rxd8 32. Rxd8+ Kg7 33. Rd7 1-0

[Event "Reykjavik Open 2024"]
[Site "Reykjavik ISL"]
[Date "2024.03.21"]
[Round "9.48"]
[White "MacKinnon, Keith"]
[Black "Haugen, Lars Tormod"]
[Result "1-0"]
[WhiteElo "2142"]
[BlackElo "1945"]
[WhiteFideId "2601990"]
[BlackFideId "1559966"]
[EventDate "2024.03.15"]

1. e4 c5 2. Nf3 g6 3. d4 cxd4 4. Nxd4 Bg7 5. c4 Nc6 6. Be3 Qb6 7. Nb3 Qd8 8. Qd2
Nf6 9. f3 O-O 10. Nc3 d6 11. Be2 a5 12. Na4 Be6 13. O-O Nd7 14. f4 Nf6 15. Nc3
Rc8 16. f5 Bd7 17. Nd4 a4 18. Rad1 Qa5 19. Kh1 Rfe8 20. b3 Nxd4 21. Bxd4 axb3
22. axb3 Qb4 23. Qe3 Bc6 24. Ra1 Ra8 25. Rxa8 Rxa8 26. Bd1 Nd7 27. Bc2 Bxd4 28.
Qxd4 Qc5 29. Qd2 Ne5 30. f6 exf6 31. Rxf6 Ra1+ 32. Bd1 Ng4 33. Rf3 Qe5 34. Rg3
Qxc3 35. Rxc3 Rxd1+ 36. Qxd1 Nf2+ 37. Kg1 Nxd1 38. Rd3 Nb2 39. Rd2 Nxc4 40. bxc4
Bxe4 41. Rxd6 h5 42. Kf2 h4 43. Rd4 f5 44. Rd7 g5 45. Re7 Kf8 46. Rh7 Kg8 47.
Rh5 g4 48. Rxh4 Kg7 49. h3 Kg6 50. hxg4 1-0

[Event "Reykjavik Open 2024"]
[Site "Reykjavik ISL"]
[Date "2024.03.21"]
[Round "9.49"]
[White "Stanford, Sheila Barth"]
[Black "Sachi Jain"]
[Result "1/2-1/2"]
[WhiteTitle "WIM"]
[BlackTitle "WCM"]
[WhiteElo "2123"]
[BlackElo "1992"]
[WhiteFideId "1500953"]
[BlackFideId "25974050"]
[EventDate "2024.03.15"]

1. e4 e5 2. Bc4 Nc6 3. Nc3 Bc5 4. Qg4 Kf8 5. Qf3 Qf6 6. Nd5 Qxf3 7. Nxf3 Bb6 8.
O-O Nge7 9. c3 d6 10. b4 Nxd5 11. Bxd5 Ne7 12. Bb3 f6 13. h3 g5 14. d3 h5 15.
Be3 Ng6 16. a4 Ke7 17. Kh2 g4 18. Nd2 Nf4 19. d4 Ne2 20. dxe5 dxe5 21. Nc4 Be6
22. Nxb6 axb6 23. Bxe6 Kxe6 24. Rfe1 Nf4 25. a5 b5 1/2-1/2

[Event "Reykjavik Open 2024"]
[Site "Reykjavik ISL"]
[Date "2024.03.21"]
[Round "9.50"]
[White "Li, Harry"]
[Black "Dhruv Rattan"]
[Result "1-0"]
[WhiteElo "2107"]
[BlackElo "1831"]
[WhiteFideId "430145"]
[BlackFideId "45007993"]
[EventDate "2024.03.15"]

1. e4 e5 2. Nf3 Nc6 3. Bb5 a6 4. Ba4 Nf6 5. O-O b5 6. Bb3 Bc5 7. a4 Rb8 8. c3 d6
9. d4 Bb6 10. a5 Ba7 11. h3 Bb7 12. Be3 Nxe4 13. Nbd2 Nxd2 14. Qxd2 O-O 15. dxe5
dxe5 16. Qxd8 Rbxd8 17. Bxa7 Nxa7 18. Nxe5 Rd2 19. Rad1 Rxb2 20. Bxf7+ Kh8 21.
Rd7 Re2 22. Ng4 Nc6 23. Re7 Nd8 24. Rd1 h5 25. Bxh5 Ra2 26. Rdd7 Rg8 27. Nh6 Rf8
28. Rxg7 Be4 29. Rge7 Bd3 30. Ng4 Rxa5 31. Ne5 Ra1+ 32. Kh2 Bc2 33. Bg6 Nc6 34.
Rh7+ 1-0

[Event "Reykjavik Open 2024"]
[Site "Reykjavik ISL"]
[Date "2024.03.21"]
[Round "9.51"]
[White "Wong-Godfrey, Emerson P"]
[Black "Kistrup, Nicolai"]
[Result "0-1"]
[BlackTitle "FM"]
[WhiteElo "1799"]
[BlackElo "2324"]
[WhiteFideId "30996309"]
[BlackFideId "1444816"]
[EventDate "2024.03.15"]

1. e4 e5 2. Nf3 Nc6 3. Bc4 Nf6 4. d4 exd4 5. e5 d5 6. Bb5 Ne4 7. Nxd4 Bd7 8.
Bxc6 bxc6 9. O-O Bc5 10. f3 Ng5 11. f4 Ne4 12. Be3 Qb8 13. b3 Qb4 14. Qd3 Bb6
15. c4 Rd8 16. a3 Qe7 17. Nd2 f5 18. e6 Bxe6 19. Nxc6 dxc4 20. Qxd8+ Qxd8 21.
Nxd8 Bxe3+ 22. Kh1 Kxd8 23. Nxe4 fxe4 24. bxc4 Bd2 25. Rab1 Ke7 26. Rb7 Rc8 27.
Rxa7 e3 28. f5 e2 29. Rg1 Bxf5 0-1

[Event "Reykjavik Open 2024"]
[Site "Reykjavik ISL"]
[Date "2024.03.21"]
[Round "9.52"]
[White "Andersen, Lars Christoff"]
[Black "Mendes Aaron Reeve"]
[Result "0-1"]
[BlackTitle "FM"]
[WhiteElo "1993"]
[BlackElo "2309"]
[WhiteFideId "1412760"]
[BlackFideId "25954938"]
[EventDate "2024.03.15"]

1. d4 d5 2. c4 c6 3. Nc3 Nf6 4. cxd5 cxd5 5. Nf3 Nc6 6. Bf4 a6 7. e3 Bf5 8. Ne5
Qb6 9. a3 Rc8 10. Bd3 Bxd3 11. Nxd3 e6 12. O-O Be7 13. Rc1 O-O 14. Na4 Qa7 15.
Ne5 Nxe5 16. Bxe5 Nd7 17. Nc3 Nxe5 18. dxe5 Bc5 19. Ne2 Qb8 20. Qb3 b5 21. f4
Bb6 22. Rxc8 Rxc8 23. Rf3 Rc4 24. Qd3 Qc7 25. g4 Rc2 26. b3 Ra2 27. f5 Qxe5 28.
fxe6 fxe6 29. a4 Qe4 0-1

[Event "Reykjavik Open 2024"]
[Site "Reykjavik ISL"]
[Date "2024.03.21"]
[Round "9.54"]
[White "Grigoriev, Dmitriy"]
[Black "Povah, Nigel E"]
[Result "0-1"]
[BlackTitle "IM"]
[WhiteElo "1986"]
[BlackElo "2202"]
[WhiteFideId "34181676"]
[BlackFideId "400467"]
[EventDate "2024.03.15"]

1. e4 c6 2. d4 d5 3. Nc3 dxe4 4. Nxe4 Nf6 5. Nxf6+ exf6 6. Be3 Bd6 7. Bd3 Bf5 8.
Ne2 O-O 9. O-O Bxd3 10. Qxd3 Qc7 11. g3 Re8 12. Rfe1 Nd7 13. c4 Rad8 14. Qc2 Qc8
15. b3 Nf8 16. Rad1 Ng6 17. Nc3 Qh3 18. f3 h5 19. d5 h4 20. Qg2 Qxg2+ 21. Kxg2
hxg3 22. hxg3 Bb4 23. Bd2 Rxe1 24. Bxe1 Re8 25. Ne4 Bxe1 26. Rxe1 Kf8 27. Rd1
cxd5 28. cxd5 Rd8 29. Kf2 f5 30. Nc3 Ke7 31. Nb5 a6 32. d6+ Ke6 33. Nd4+ Kf6 34.
Ne2 b5 35. d7 Ne5 36. Rd6+ Ke7 37. Rxa6 Rxd7 38. Rb6 Rd3 39. Rxb5 Rxf3+ 40. Kg2
Re3 41. Nd4 Kf6 42. a4 Rd3 43. Ne2 Rd2 44. Kf2 g5 45. Ke3 Rd3+ 46. Kf2 f4 47.
gxf4 gxf4 48. a5 Ng4+ 49. Kg1 f3 50. Rb6+ Kg5 51. Rb5+ f5 52. Ng3 f2+ 53. Kg2
Rxg3+ 0-1

[Event "Reykjavik Open 2024"]
[Site "Reykjavik ISL"]
[Date "2024.03.21"]
[Round "9.55"]
[White "Mardell, Jimmy"]
[Black "Acarbay, Algi"]
[Result "1-0"]
[WhiteElo "2172"]
[BlackElo "1981"]
[WhiteFideId "1705610"]
[BlackFideId "6303692"]
[EventDate "2024.03.15"]

1. d4 d5 2. c4 e6 3. Nc3 a6 4. cxd5 exd5 5. Bf4 Nf6 6. e3 c5 7. Nf3 c4 8. Ne5 b5
9. a3 Be7 10. g4 Bb7 11. Bg2 Nbd7 12. h4 Nb6 13. Qf3 O-O 14. g5 Ne4 15. Nxe4
dxe4 16. Qe2 Na4 17. Qc2 f6 18. gxf6 Bxf6 19. h5 Be7 20. Bxe4 Bxe4 21. Qxe4 Nxb2
22. Nc6 Rf6 1-0

[Event "Reykjavik Open 2024"]
[Site "Reykjavik ISL"]
[Date "2024.03.21"]
[Round "9.56"]
[White "Heppert, Lars"]
[Black "Mannion, Stephen R"]
[Result "1/2-1/2"]
[BlackTitle "IM"]
[WhiteElo "1981"]
[BlackElo "2166"]
[WhiteFideId "24668575"]
[BlackFideId "2400111"]
[EventDate "2024.03.15"]

1. Nf3 d5 2. e3 Nf6 3. c4 e6 4. Nc3 Be7 5. b3 O-O 6. Bb2 c5 7. cxd5 exd5 8. d4
Nc6 9. Be2 Ne4 10. O-O Bf6 11. Rc1 cxd4 12. Nxe4 dxe4 13. Nxd4 Nxd4 14. Bxd4
Bxd4 15. Qxd4 1/2-1/2

[Event "Reykjavik Open 2024"]
[Site "Reykjavik ISL"]
[Date "2024.03.21"]
[Round "9.57"]
[White "Ornolfsson, Magnus P."]
[Black "Mensing, Adrian"]
[Result "1/2-1/2"]
[WhiteElo "2163"]
[BlackElo "1980"]
[WhiteFideId "2301016"]
[BlackFideId "1043293"]
[EventDate "2024.03.15"]

1. d4 Nf6 2. Nf3 g6 3. g3 Bg7 4. Bg2 c5 5. O-O Na6 6. c4 O-O 7. Nc3 d6 8. Re1
Re8 9. b3 Qa5 10. Bb2 cxd4 11. Nxd4 Qh5 12. e3 Bg4 13. f3 Bh3 14. Qd2 Bxg2 15.
Qxg2 Nb4 16. Rad1 Nc6 17. Nxc6 bxc6 18. e4 Nd7 19. f4 Qc5+ 20. Qf2 Red8 21. Na4
Qxf2+ 22. Kxf2 Nb6 23. Bxg7 Kxg7 24. Nxb6 axb6 25. a4 c5 26. Rd3 f6 27. Red1 Kf7
28. g4 g5 29. Kf3 Ke6 30. fxg5 fxg5 31. Rd5 Rf8+ 32. Kg3 h6 33. e5 dxe5 34. Re1
Kf6 35. Rdxe5 Kg6 36. Rxe7 Rf6 37. R7e6 Rf8 38. h4 Rf7 39. h5+ Kg7 40. Rxf6 Rxf6
41. Re7+ Rf7 42. Rxf7+ Kxf7 43. Kf3 Kf6 44. Ke2 Ke6 45. Kd3 Ke5 46. Ke3 Kd6 47.
Kd3 Ke5 1/2-1/2

[Event "Reykjavik Open 2024"]
[Site "Reykjavik ISL"]
[Date "2024.03.21"]
[Round "9.58"]
[White "Omarsson, Adam"]
[Black "Eriksson, Jorgen"]
[Result "0-1"]
[WhiteElo "1976"]
[BlackElo "2154"]
[WhiteFideId "2311453"]
[BlackFideId "1701967"]
[EventDate "2024.03.15"]

1. d4 d5 2. c4 e6 3. Nc3 c6 4. Nf3 dxc4 5. a4 Bb4 6. e3 b5 7. axb5 cxb5 8. Bd2
Bxc3 9. Bxc3 a5 10. b3 Bb7 11. d5 Nf6 12. bxc4 b4 13. Bxf6 gxf6 14. Nd4 e5 15.
Nf5 Bc8 16. Ng3 Nd7 17. Ne4 Qb6 18. Qf3 a4 19. c5 Nxc5 20. Nxf6+ Kf8 21. Bc4 b3
22. d6 Qb4+ 23. Kd1 Qxc4 24. Nd7+ Bxd7 25. Qxa8+ Kg7 26. Qf3 Qc2+ 27. Ke1 Qc3+
28. Ke2 Qb2+ 0-1